[Event "North American op 22nd"]
[Site "Las Vegas"]
[Date "2012.12.26"]
[Round "1"]
[White "Nikhilesh, Kumar K"]
[Black "Yankovsky, Roman"]
[Result "0-1"]
[WhiteElo "2218"]
[BlackElo "2474"]
[PlyCount "100"]
[EventDate "2012.12.26"]
[EventType "swiss"]
[EventRounds "9"]
[EventCountry "USA"]
[SourceTitle "CBM 152 Extra"]
[Source "ChessBase"]
[SourceDate "2013.02.25"]
[SourceVersion "1"]
[SourceVersionDate "2013.02.25"]
[SourceQuality "1"]

1. e4 c5 2. Nf3 d6 3. d4 cxd4 4. Nxd4 Nf6 5. Nc3 a6 6. Bg5 Nbd7 7. f4 Qc7 8. Qf3 h6 9. Bxf6 Nxf6 10. Nd5 Nxd5 11. exd5 g6 12. f5 gxf5 13. 0-0-0 Qa5 14. Bc4 Qc5 15. Bd3 f4 16. Rhe1 h5 17. Nf5 Bxf5 18. Bxf5 Bg7 19. g3 fxg3 20. hxg3 a5 21. Re4 Be5 22. a4 Rb8 23. Qe2 Rh6 24. Rc4 Qb6 25. c3 Bxg3 26. Qd2 Rh8 27. Rf1 Be5 28. Qd3 Rg8 29. Qh3 Rg1 30. Bd3 Rxf1+ 31. Bxf1 Kf8 32. Rh4 Qf2 33. Rxh5 Qg1 34. Kc2 Bf6 35. Rf5 Qg7 36. Be2 Re8 37. Qf1 Rc8 38. Qh3 Rc5 39. Kb3 Ke8 40. Bb5+ Kf8 41. Rf2 Qg5 42. Rg2 Qxd5+ 43. Ka3 Qh5 44. Qd7 Rxc3+ 45. bxc3 Qc5+ 46. Ka2 Qd5+ 47. Ka3 Qxg2 48. Qd8+ Kg7 49. Qxa5 Qc2 50. Qb4 Qxc3+ 0-1

[Event "United Insurance 8th"]
[Site "Dhaka"]
[Date "2005.04.12"]
[Round "9"]
[White "Lahiri, Atanu"]
[Black "Nikhilesh, Kumar K"]
[Result "1/2-1/2"]
[WhiteElo "2355"]
[BlackElo "2199"]
[PlyCount "47"]
[EventDate "2005.04.05"]
[EventType "swiss"]
[EventRounds "11"]
[EventCountry "BAN"]
[SourceTitle "CBM 105 Extra"]
[Source "ChessBase"]
[SourceDate "2005.05.01"]
[SourceVersion "1"]
[SourceVersionDate "2005.05.01"]
[SourceQuality "1"]

1. d4 Nf6 2. Nf3 g6 3. Nc3 d5 4. Bf4 Bg7 5. e3 0-0 6. Be2 c5 7. Ne5 Nc6 8. 0-0 cxd4 9. exd4 Ne4 10. Nxe4 dxe4 11. Nxc6 bxc6 12. c3 a5 13. Qc2 f5 14. f3 c5 15. Rad1 cxd4 16. cxd4 Bb7 17. fxe4 Bxe4 18. Qb3+ Bd5 19. Bc4 e6 20. Rfe1 Rc8 21. Bxd5 Qxd5 22. Be5 Qxb3 23. axb3 Rc2 24. Bxg7 1/2-1/2

[Event "World ol U16 04th"]
[Site "Calicut"]
[Date "2004.07.??"]
[Round "1"]
[White "Meenu, Rajendran"]
[Black "Nikhilesh, Kumar K"]
[Result "1/2-1/2"]
[WhiteElo "1967"]
[BlackElo "2269"]
[PlyCount "105"]
[EventDate "2004.07.01"]
[EventType "team-swiss"]
[EventRounds "9"]
[EventCountry "IND"]
[SourceTitle "EXT 2014"]
[Source "ChessBase"]
[SourceDate "2013.11.20"]
[SourceVersion "1"]
[SourceVersionDate "2013.11.20"]
[SourceQuality "1"]

1. e4 c5 2. Nc3 Nc6 3. f4 g6 4. Nf3 Bg7 5. Bc4 d6 6. 0-0 Nf6 7. d3 0-0 8. Qe1 Nd4 9. Bb3 Nxb3 10. axb3 Ne8 11. f5 e6 12. fxe6 Bxe6 13. Ng5 Nc7 14. Nxe6 fxe6 15. Be3 Rxf1+ 16. Qxf1 a6 17. Qf3 Qe7 18. Qg4 Rf8 19. Rf1 Be5 20. Rxf8+ Qxf8 21. Qf3 Qg7 22. Bf4 Bxc3 23. bxc3 Qxc3 24. Kf1 Qa1+ 25. Kf2 Qf6 26. Bd2 Kg7 27. Qxf6+ Kxf6 28. Bc3+ e5 29. Ba5 Nb5 30. Bd8+ Ke6 31. Ke2 Nd4+ 32. Kd2 h5 33. Bg5 Kd7 34. Be3 Kc6 35. Kc3 a5 36. Kb2 d5 37. c3 Ne6 38. exd5+ Kxd5 39. c4+ Kc6 40. Kc1 b5 41. h4 Nd4 42. Bg5 Ne6 43. Bf6 Nf4 44. Bg5 Nxg2 45. Bf6 Nf4 46. Bg5 Nd5 47. Kc2 Nc7 48. Kc3 Ne6 49. Bf6 Nf4 50. Bg5 Ne2+ 51. Kc2 Nd4+ 52. Kc3 Nf3 53. Bf6 1/2-1/2

[Event "Asia-ch U18"]
[Site "Tehran"]
[Date "2004.04.07"]
[Round "6"]
[White "Nikhilesh, Kumar K"]
[Black "Abhay, T."]
[Result "1/2-1/2"]
[WhiteElo "2254"]
[BlackElo "2236"]
[PlyCount "24"]
[EventDate "2004.04.03"]
[EventType "swiss"]
[EventRounds "9"]
[EventCountry "IRI"]
[SourceTitle "CBM 099 Extra"]
[Source "ChessBase"]
[SourceDate "2004.05.04"]
[SourceVersion "1"]
[SourceVersionDate "2004.05.04"]
[SourceQuality "1"]

1. e4 c5 2. Nf3 Nc6 3. d4 cxd4 4. Nxd4 Nf6 5. Nc3 d6 6. Bc4 e6 7. Be3 Be7 8. Qe2 0-0 9. 0-0-0 Bd7 10. f4 Qc8 11. Nf3 Qc7 12. Rhf1 Rad8 1/2-1/2

[Event "Asia-ch U18"]
[Site "Tehran"]
[Date "2004.04.04"]
[Round "2"]
[White "Nikhilesh, Kumar K"]
[Black "Deepan Chakkravarthy, J."]
[Result "1/2-1/2"]
[WhiteElo "2254"]
[BlackElo "2331"]
[PlyCount "66"]
[EventDate "2004.04.03"]
[EventType "swiss"]
[EventRounds "9"]
[EventCountry "IRI"]
[SourceTitle "CBM 099 Extra"]
[Source "ChessBase"]
[SourceDate "2004.05.04"]
[SourceVersion "1"]
[SourceVersionDate "2004.05.04"]
[SourceQuality "1"]

1. e4 c5 2. Nf3 d6 3. d4 cxd4 4. Nxd4 Nf6 5. Nc3 a6 6. Bg5 e6 7. f4 Nbd7 8. Qf3 Qc7 9. 0-0-0 Be7 10. g4 b5 11. Bxf6 Nxf6 12. g5 Nd7 13. f5 Bxg5+ 14. Kb1 Ne5 15. Qh5 Qd8 16. Rg1 Bf6 17. fxe6 0-0 18. Bh3 Kh8 19. Nd5 g6 20. Qe2 fxe6 21. Bxe6 Nf3 22. Nxf3 Bxe6 23. Nxf6 Qxf6 24. Ng5 Bc4 25. Qe3 Rac8 26. b3 Bg8 27. Rgf1 Qe5 28. Nf3 Qc3 29. Qd4+ Qxd4 30. Rxd4 Rc3 31. Nd2 Rxf1+ 32. Nxf1 Rf3 33. Nd2 Rf6 1/2-1/2

[Event "Wch U16"]
[Site "Chalkidiki"]
[Date "2003.10.27"]
[Round "5"]
[White "Mamedov, Rauf"]
[Black "Nikhilesh, Kumar K"]
[Result "1/2-1/2"]
[WhiteElo "2452"]
[BlackElo "2250"]
[PlyCount "98"]
[EventDate "2003.10.23"]
[EventType "swiss"]
[EventRounds "11"]
[EventCountry "GRE"]
[SourceTitle "EXT 2004"]
[Source "ChessBase"]
[SourceDate "2003.11.25"]
[SourceVersion "1"]
[SourceVersionDate "2003.11.25"]
[SourceQuality "1"]

1. e4 c5 2. Nf3 Nc6 3. d4 cxd4 4. Nxd4 Nf6 5. Nc3 d6 6. f3 e5 7. Nb3 Be7 8. Be3 0-0 9. Qd2 a5 10. Na4 Be6 11. c4 Nd7 12. Be2 b6 13. 0-0 Nc5 14. Nc3 a4 15. Nxc5 dxc5 16. Nd5 Nd4 17. f4 exf4 18. Bxf4 Bxd5 19. cxd5 f6 20. Bg4 Bd6 21. Be3 Be5 22. Kh1 Qd6 23. Bxd4 Bxd4 24. Be6+ Kh8 25. Rae1 Be5 26. g3 b5 27. Rf3 Rfe8 28. Qg2 c4 29. Qh3 Re7 30. Bf5 g6 31. Bxg6 Bxb2 32. Rf4 Rg8 33. Bf5 Rc7 34. Rh4 Rgg7 35. Rh6 c3 36. Qh5 Rce7 37. Qe2 b4 38. Qc2 b3 39. axb3 a3 40. b4 a2 41. Qa4 a1Q 42. Rxa1 Bxa1 43. Qa8+ Rg8 44. Qxa1 Qxb4 45. d6 Qb2 46. Qf1 Rf7 47. Bxh7 Rxh7 48. Qxf6+ Rgg7 49. Qf8+ Rg8 1/2-1/2

[Event "Wch U16"]
[Site "Chalkidiki"]
[Date "2003.10.26"]
[Round "4"]
[White "Nikhilesh, Kumar K"]
[Black "Wojtaszek, Radoslaw"]
[Result "1/2-1/2"]
[WhiteElo "2250"]
[BlackElo "2461"]
[PlyCount "219"]
[EventDate "2003.10.23"]
[EventType "swiss"]
[EventRounds "11"]
[EventCountry "GRE"]
[SourceTitle "EXT 2004"]
[Source "ChessBase"]
[SourceDate "2003.11.25"]
[SourceVersion "1"]
[SourceVersionDate "2003.11.25"]
[SourceQuality "1"]

1. e4 c5 2. Nf3 d6 3. d4 cxd4 4. Nxd4 Nf6 5. Nc3 a6 6. Bg5 e6 7. f4 h6 8. Bh4 Be7 9. Bf2 b5 10. Bd3 Bb7 11. a3 Nbd7 12. 0-0 Rc8 13. Qe2 Nc5 14. Rad1 0-0 15. Nb3 Nxd3 16. cxd3 e5 17. fxe5 dxe5 18. d4 Nd7 19. Nd5 Bxd5 20. exd5 e4 21. Qxe4 Nf6 22. Qf5 Qxd5 23. Qxd5 Nxd5 24. Nc5 Rc6 25. Rfe1 f6 26. g3 Kf7 27. Kg2 Rd8 28. Rc1 Rdc8 29. Rcd1 g5 30. Re2 h5 31. Rde1 Bf8 32. b4 Ra8 33. Rb2 Nb6 34. Rb3 Nd5 35. Ra1 f5 36. a4 bxa4 37. Rxa4 Rb6 38. b5 Nc7 39. Nd7 Rxb5 40. Rc3 Nd5 41. Rc6 g4 42. Raxa6 Rxa6 43. Rxa6 Rb2 44. Ne5+ Kg8 45. Kf1 f4 46. gxf4 Nxf4 47. Bg3 Nd5 48. Bf2 Be7 49. Ng6 Bb4 50. Ra7 Rc2 51. Rd7 Nf6 52. Rb7 Ne4 53. Rxb4 Nxf2 54. Rb5 Kg7 55. Nh4 Nh3 56. Rxh5 Rxh2 57. Ra5 Rf2+ 58. Ke1 Kf6 59. Ra3 Rf4 60. d5 Rd4 61. Rg3 Nf4 62. Ng2 Nd3+ 63. Kd2 Ne5+ 64. Ke2 Rxd5 65. Ne3 Rd4 66. Nxg4+ Nxg4 67. Ra3 Ke5 68. Ra8 Ke4 69. Re8+ Ne5 70. Rh8 Rd7 71. Rh4+ Kd5 72. Ke3 Ra7 73. Ke2 Ra3 74. Rh8 Ng6 75. Rd8+ Ke4 76. Kd2 Ne5 77. Kc2 Nc6 78. Kb2 Rh3 79. Re8+ Kd5 80. Kc2 Kd4 81. Rg8 Nb4+ 82. Kb2 Nd3+ 83. Kc2 Rh2+ 84. Kb3 Rb2+ 85. Ka3 Rb7 86. Rg4+ Kc5 87. Rh4 Ne5 88. Ka2 Nf3 89. Rh1 Nd2 90. Rh4 Nc4 91. Rh5+ Kb4 92. Kb1 Kc3+ 93. Kc1 Nb2 94. Rc5+ Kd4 95. Rc8 Nd3+ 96. Kc2 Rb2+ 97. Kd1 Nf2+ 98. Kc1 Re2 99. Rd8+ Ke3 100. Re8+ Ne4 101. Rd8 Rh2 102. Rd7 Nc5 103. Rd8 Nd3+ 104. Kb1 Rb2+ 105. Ka1 Rb7 106. Ka2 Kd2 107. Rc8 Ne5 108. Ka3 Kd3 109. Ka4 Nc4 110. Rh8 1/2-1/2

[Event "Commonwealth-ch"]
[Site "Mumbai"]
[Date "2003.04.23"]
[Round "5"]
[White "Nikhilesh, Kumar K"]
[Black "Gupta, Abhijeet"]
[Result "0-1"]
[WhiteElo "2163"]
[BlackElo "2335"]
[PlyCount "80"]
[EventDate "2003.04.20"]
[EventType "swiss"]
[EventRounds "10"]
[EventCountry "IND"]
[SourceTitle "CBM 093 Extra"]
[Source "ChessBase"]
[SourceDate "2003.05.09"]
[SourceVersion "1"]
[SourceVersionDate "2003.05.09"]
[SourceQuality "1"]

1. e4 c5 2. Nf3 d6 3. d4 cxd4 4. Nxd4 Nf6 5. Nc3 Nc6 6. Bg5 e6 7. Be2 Be7 8. 0-0 0-0 9. Qd2 a6 10. Rad1 Qc7 11. Kh1 Rd8 12. f4 h6 13. Nxc6 bxc6 14. Bxf6 Bxf6 15. Qe3 Bb7 16. b3 c5 17. Bf3 Bc6 18. Ne2 Qb7 19. e5 Bxf3 20. gxf3 dxe5 21. fxe5 Bg5 22. Qc3 Rd5 23. Rxd5 Qxd5 24. Qc4 Qxc4 25. bxc4 Rd8 26. f4 Rd2 27. Ng3 Be7 28. Rf3 Rxc2 29. Ra3 Rxc4 30. Rxa6 Rxf4 31. a4 Bh4 32. Ra8+ Kh7 33. a5 Bxg3 34. hxg3 Re4 35. a6 Rxe5 36. a7 Re1+ 37. Kg2 Ra1 38. Kf3 c4 39. Ke4 c3 40. Kd3 Ra3 0-1

[Event "Wch U20 41st"]
[Site "Goa"]
[Date "2002.12.12"]
[Round "5"]
[White "Kosmo, Santul"]
[Black "Nikhilesh, Kumar K"]
[Result "0-1"]
[WhiteElo "2145"]
[BlackElo "2182"]
[PlyCount "80"]
[EventDate "2002.12.09"]
[EventType "swiss"]
[EventRounds "13"]
[EventCountry "IND"]
[SourceTitle "CBM 091 Extra"]
[Source "ChessBase"]
[SourceDate "2003.01.09"]
[SourceVersion "1"]
[SourceVersionDate "2003.01.09"]
[SourceQuality "1"]

1. e4 c5 2. Nf3 Nc6 3. d4 cxd4 4. Nxd4 Nf6 5. Nc3 d6 6. Bc4 Qb6 7. Nxc6 bxc6 8. 0-0 Nd7 9. b3 e6 10. Bb2 Qc7 11. f4 Be7 12. Qg4 Bf6 13. e5 dxe5 14. Ne4 exf4 15. Bxf6 gxf6 16. Qg7 Rf8 17. Rad1 Qe5 18. Rfe1 Ke7 19. Ng5 Qc5+ 20. Kh1 fxg5 21. Bxe6 Kd8 22. Re5 Qa3 23. Bxd7 Bxd7 24. Qf6+ Kc7 25. Re7 Rad8 26. c3 Rfe8 27. Rxf7 Qc5 28. Qg7 Qd6 29. Rf1 h6 30. Rf6 Re6 31. Rxe6 Qxe6 32. Qd4 Qe3 33. Qb4 Re8 34. c4 f3 35. Qa5+ Kb7 36. Qb4+ Ka8 37. gxf3 Bh3 38. Qd6 Qxf3+ 39. Rxf3 Re1+ 40. Rf1 Rxf1# 0-1

[Event "Wch U20 41st"]
[Site "Goa"]
[Date "2002.12.12"]
[Round "6"]
[White "Nikhilesh, Kumar K"]
[Black "Kamble, Vikramaditya"]
[Result "1/2-1/2"]
[WhiteElo "2182"]
[BlackElo "2317"]
[PlyCount "121"]
[EventDate "2002.12.09"]
[EventType "swiss"]
[EventRounds "13"]
[EventCountry "IND"]
[SourceTitle "CBM 091 Extra"]
[Source "ChessBase"]
[SourceDate "2003.01.09"]
[SourceVersion "1"]
[SourceVersionDate "2003.01.09"]
[SourceQuality "1"]

1. e4 e5 2. Nf3 Nc6 3. Bb5 a6 4. Ba4 Nf6 5. 0-0 Be7 6. Re1 b5 7. Bb3 d6 8. c3 0-0 9. h3 Re8 10. d4 Bb7 11. a4 h6 12. Nbd2 Bf8 13. Bc2 exd4 14. cxd4 Nb4 15. Bb1 Qd7 16. Ra3 bxa4 17. d5 c5 18. Nh2 Rac8 19. Nc4 Qb5 20. Rc3 Rcd8 21. Na3 Qd7 22. Ng4 Qe7 23. Bd2 Bc8 24. Nxf6+ Qxf6 25. Rg3 Qh4 26. Bc3 g6 27. Nc4 Bg7 28. Nd2 Rd7 29. Nf3 Qd8 30. h4 Be5 31. Nxe5 dxe5 32. Bc2 Rb7 33. Bxa4 Bd7 34. Bxd7 Qxd7 35. b3 Kh7 36. Qd2 f5 37. exf5 gxf5 38. Rxe5 Rxe5 39. Bxe5 Qxd5 40. Qf4 Qe4 41. Qxe4 fxe4 42. Rc3 Nd3 43. Bd6 Rb6 44. Bxc5 Rc6 45. b4 a5 46. Ra3 axb4 47. Ra7+ Kg6 48. Bd4 h5 49. Rg7+ Kh6 50. Rb7 Rd6 51. Be3+ Kg6 52. f3 Re6 53. fxe4 Rxe4 54. Bg5 Kf5 55. Rd7 Ne5 56. Rb7 Kg4 57. Kh2 Kf5 58. Kg3 Ke6 59. Bd2 Rg4+ 60. Kf2 Rxh4 61. Rxb4 1/2-1/2